| 000 | 00000nam##2200000za#4500 |
| 001 | 9.644329 |
| 003 | CaOODSP |
| 005 | 20250506145324 |
| 007 | cr ||||||||||| |
| 008 | 150407|1968||||xxc|||||o f|0| 0 fre|d |
| 040 | |aCaOODSP|bfre |
| 043 | |an-cn--- |
| 086 | 1 |aA43-1215/1968F-PDF |
| 110 | 1 |aCanada.|bAgriculture Canada. |
| 245 | 10|aRépression des maladies et autres ennemis de la pomme de terre / |h[ressource électronique]|cCompilé par K.M. Graham ... [et al.] |
| 260 | |aOttawa - Ontario : |bAgriculture Canada |c1968. |
| 300 | |a76p.|bill. (certaines en couleur) |
| 500 | |aPublication historique numérisée par Agriculture et Agroalimentaire Canada. |
| 590 | |a15-03-Supp|b2015-03-13 |
| 720 | 1 |aGraham, K. M. |
| 775 | 08|tControl of diseases and pests of potatoes / |w(CaOODSP)9.700437 |
| 856 | 40|ahttp://publications.gc.ca|qPDF|s6619 Ko|uhttps://publications.gc.ca/collections/collection_2015/aac-aafc/A43-1215-1968-fra.pdf |
| 986 | |aPublication 1215 |